[Event "21st European Teams"]
[Site "Hersonissos GRE"]
[Date "2017.10.28"]
[Round "1.1"]
[Board "1"]
[White "Nepomniachtchi, Ian"]
[Black "Lenic, Luka"]
[Result "1/2-1/2"]
[WhiteTitle "GM"]
[BlackTitle "GM"]
[WhiteElo "2733"]
[BlackElo "2650"]
[WhiteTeam "Russia"]
[BlackTeam "Slovenia"]
[WhiteFideId "4168119"]
[BlackFideId "14603853"]
[EventDate "2017.10.28"]

1. e4 c5 2. Nf3 Nc6 3. Bb5 e6 4. O-O Nge7 5. d4 cxd4 6. Nxd4 Ng6 7. Be3 Be7 8.
Be2 O-O 9. c4 Nxd4 10. Bxd4 b6 11. Re1 Bb7 12. Nc3 Bc6 13. Bf1 Bc5 14. Qd2 Bxd4
15. Qxd4 f5 16. b4 Qe7 17. b5 Bb7 18. Rad1 Rad8 19. a4 fxe4 20. Nxe4 d5 21. cxd5
Rxd5 22. Qe3 Rfd8 23. Rc1 Re5 24. Rc4 Nf8 25. Qf4 Rxe4 26. Rcxe4 Bxe4 27. Qxe4
Qc5 28. Bc4 Kh8 29. Qc6 Qb4 30. Kf1 Qxa4 31. g3 h6 32. Bxe6 Nxe6 1/2-1/2

[Event "21st European Teams"]
[Site "Hersonissos GRE"]
[Date "2017.10.28"]
[Round "1.1"]
[Board "2"]
[White "Beliavsky, Alexander G"]
[Black "Vitiugov, Nikita"]
[Result "0-1"]
[WhiteTitle "GM"]
[BlackTitle "GM"]
[WhiteElo "2547"]
[BlackElo "2728"]
[WhiteTeam "Slovenia"]
[BlackTeam "Russia"]
[WhiteFideId "14602377"]
[BlackFideId "4152956"]
[EventDate "2017.10.28"]

1. d4 Nf6 2. c4 e6 3. Nf3 d5 4. Nc3 Bb4 5. Bg5 dxc4 6. e4 c5 7. Bxc4 cxd4 8.
Nxd4 Bxc3+ 9. bxc3 Qa5 10. Bb5+ Nbd7 11. Bxf6 Qxc3+ 12. Kf1 gxf6 13. h4 a6 14.
Rh3 Qb4 15. Be2 Ne5 16. Kg1 Qd6 17. Qd2 Bd7 18. Rb1 Rd8 19. Qe3 Ba4 20. Nb3 Bb5
21. Bxb5+ axb5 22. Rg3 b6 23. Qe2 b4 24. Na1 Ke7 25. Nc2 Qd2 26. Re3 b3 27. axb3
h5 28. Na3 Ng4 29. Nc4 Qb4 30. Rd3 b5 31. Nb2 Ne5 32. Rdd1 Rxd1+ 33. Rxd1 Qxb3
34. Qd2 Kf8 35. Rc1 Kg7 36. Rc3 Qa2 37. Rg3+ Ng6 38. Kh2 Rc8 39. Qd7 Qa8 40. e5
fxe5 41. Nd3 Rd8 42. Qxb5 Rd5 43. Qb4 Qd8 44. Qe4 f5 45. Qc4 Kh6 46. Qc1+ f4 47.
Nc5 Rd1 0-1

[Event "21st European Teams"]
[Site "Hersonissos GRE"]
[Date "2017.10.28"]
[Round "1.1"]
[Board "3"]
[White "Matlakov, Maxim"]
[Black "Sebenik, Matej"]
[Result "1/2-1/2"]
[WhiteTitle "GM"]
[BlackTitle "GM"]
[WhiteElo "2730"]
[BlackElo "2534"]
[WhiteTeam "Russia"]
[BlackTeam "Slovenia"]
[WhiteFideId "4168003"]
[BlackFideId "14602296"]
[EventDate "2017.10.28"]

1. d4 Nf6 2. c4 e6 3. g3 d5 4. Bg2 dxc4 5. Nf3 a6 6. O-O Nc6 7. e3 Bd7 8. Qe2
Bd6 9. Qxc4 O-O 10. Nbd2 Rb8 11. Rd1 Qe7 12. Qe2 e5 13. dxe5 Nxe5 14. Nxe5 Bxe5
15. Nc4 Ba4 16. Rd2 Rfd8 17. Rb1 Bb5 18. b3 Rxd2 19. Bxd2 Rd8 20. Be1 b6 21. a4
Bxc4 22. Qxc4 a5 23. b4 axb4 24. Bxb4 Qe6 25. Qb5 h5 26. h3 g6 27. Be1 Kh7 28.
Bf3 Bd6 29. Kg2 Ne4 30. h4 Re8 31. Rc1 Re7 32. Rc4 f5 33. Rc6 Qe5 34. Qe2 Qd5
35. Rc4 Qe5 36. Qc2 Qd5 37. Rd4 Qe5 38. Qd1 Qe6 39. Qc2 Qe5 40. Bxe4 fxe4 41.
Qd1 Qf5 42. Rd5 Re5 43. Rd4 Re7 44. Rd5 Re5 45. Rd4 1/2-1/2

[Event "21st European Teams"]
[Site "Hersonissos GRE"]
[Date "2017.10.28"]
[Round "1.2"]
[Board "2"]
[White "Naiditsch, Arkadij"]
[Black "Brunello, Sabino"]
[Result "0-1"]
[WhiteTitle "GM"]
[BlackTitle "GM"]
[WhiteElo "2702"]
[BlackElo "2555"]
[WhiteTeam "Azerbaijan"]
[BlackTeam "Italy"]
[WhiteFideId "4650891"]
[BlackFideId "813613"]
[EventDate "2017.10.28"]

1. e4 e5 2. Nf3 Nc6 3. Bb5 a6 4. Ba4 Nf6 5. d3 d6 6. c3 Be7 7. O-O O-O 8. Re1
Re8 9. Nbd2 Bf8 10. h3 h6 11. d4 b5 12. Bc2 Bb7 13. a3 Nb8 14. b3 Nbd7 15. Bb2
g6 16. a4 c6 17. Bd3 Qc7 18. Qc2 Bg7 19. c4 bxa4 20. c5 axb3 21. Nxb3 d5 22.
dxe5 Nxe4 23. Bxe4 dxe4 24. Rxe4 Nf8 25. Na5 Bc8 26. Rd4 Be6 27. Rd6 Bd5 28. Nh2
Rab8 29. Ng4 Ne6 30. Qd2 Nxc5 31. Rc1 Rxb2 32. Qxb2 Qxa5 33. Qc2 Ne6 34. Rb1 Nd4
35. Qd3 Nf5 36. Rd7 Qa4 37. Rdb7 h5 38. R7b4 Qa5 39. Nf6+ Bxf6 40. exf6 Qc7 41.
Qxa6 Qd6 42. Qa1 c5 43. Rb6 Qf4 44. Re1 Rxe1+ 45. Qxe1 Qg5 46. g3 Nd4 47. Qe3
Nf3+ 48. Kf1 Qxe3 49. fxe3 Ng5 50. g4 h4 51. Rd6 Be6 52. Kg2 c4 53. Rd4 Kh7 54.
Kf1 Kh6 55. Kg2 c3 56. Rd8 c2 0-1

[Event "21st European Teams"]
[Site "Hersonissos GRE"]
[Date "2017.10.28"]
[Round "1.2"]
[Board "3"]
[White "Dvirnyy, Danyyil"]
[Black "Mamedov, Rauf"]
[Result "0-1"]
[WhiteTitle "GM"]
[BlackTitle "GM"]
[WhiteElo "2542"]
[BlackElo "2678"]
[WhiteTeam "Italy"]
[BlackTeam "Azerbaijan"]
[WhiteFideId "817570"]
[BlackFideId "13401653"]
[EventDate "2017.10.28"]

1. d4 Nf6 2. c4 g6 3. g3 c6 4. Bg2 d5 5. Nf3 Bg7 6. O-O O-O 7. cxd5 cxd5 8. Ne5
e6 9. Nc3 Nfd7 10. Nf3 Nc6 11. Bf4 Nf6 12. Rc1 h6 13. Ne5 Nxe5 14. Bxe5 Bd7 15.
Na4 Bc6 16. Nc5 Rc8 17. Qb3 b6 18. Nd3 Qd7 19. Bxf6 Bxf6 20. Ne5 Bxe5 21. dxe5
Bb5 22. Qe3 Kg7 23. Bf3 Qe7 24. Qd4 Bc4 25. a3 Rc5 26. Rc3 Rfc8 27. Rfc1 f5 28.
exf6+ Qxf6 29. Qd2 d4 30. R3c2 Bb3 31. Rxc5 bxc5 32. Qa5 Qe7 33. Qa6 Qc7 34. Qd3
Qb6 35. Qe4 Kh7 36. Qg4 Rc7 37. Qf4 Bd5 38. Bxd5 exd5 39. Qe5 Rd7 40. Qe8 Rg7
41. Qe5 Rd7 42. Qe8 Rc7 43. Qe5 Qb7 44. Rc2 a5 45. Rd2 a4 46. Qd6 Qc6 47. Qxc6
Rxc6 48. e3 Rb6 49. exd4 c4 50. Kf1 Kg7 51. Ke1 Rb3 52. Re2 Kf6 53. h3 g5 54.
Re5 Rb5 55. Re2 h5 56. Re5 h4 57. g4 Rxb2 58. Rxd5 Rb3 59. Rc5 Rxh3 60. Rxc4
Rxa3 61. Kf1 Ra1+ 62. Kg2 a3 63. Rc6+ Ke7 64. Ra6 a2 65. d5 Kd7 66. d6 Ke6 67.
Kh2 h3 68. Ra7 Kxd6 69. Ra5 Kc6 70. Ra7 Kb5 71. Ra8 Kc4 72. Ra3 Kb4 73. Ra8 Kb3
74. Rb8+ Kc3 75. Ra8 Kd3 76. Ra3+ Kd2 77. f3 Ke2 78. Ra5 Kxf3 79. Ra4 Ke3 80.
Ra3+ Kf4 81. Ra4+ Kf3 0-1

[Event "21st European Teams"]
[Site "Hersonissos GRE"]
[Date "2017.10.28"]
[Round "1.2"]
[Board "4"]
[White "Guseinov, Gadir"]
[Black "Moroni, Luca Jr"]
[Result "0-1"]
[WhiteTitle "GM"]
[BlackTitle "GM"]
[WhiteElo "2647"]
[BlackElo "2506"]
[WhiteTeam "Azerbaijan"]
[BlackTeam "Italy"]
[WhiteFideId "13401378"]
[BlackFideId "865834"]
[EventDate "2017.10.28"]

1. e4 e5 2. Nf3 Nc6 3. Bb5 a6 4. Ba4 Nf6 5. O-O b5 6. Bb3 Bc5 7. a4 Rb8 8. c3 d6
9. d4 Bb6 10. a5 Ba7 11. h3 O-O 12. Be3 Ra8 13. Nbd2 Re8 14. Re1 h6 15. Qc2 exd4
16. Bxd4 Nxd4 17. cxd4 Bb7 18. e5 Nd5 19. Qe4 dxe5 20. dxe5 Qd7 21. Bc2 g6 22.
Qh4 Kg7 23. Rad1 Qe7 24. Qg3 Rad8 25. Bb1 Nb4 26. e6 Qd6 27. Qg4 h5 28. Qh4 Bxf3
29. gxf3 Qe7 30. Qg3 h4 31. Qg4 Rd4 32. Qg2 Qd6 33. Ne4 Qxe6 34. Rxd4 Bxd4 35.
Rd1 c5 36. f4 f5 37. Ng5 Qd5 38. Qf3 Qxf3 39. Nxf3 Nc6 40. Kf1 Rd8 41. Ng5 Re8
42. b3 Re7 43. Nf3 Kf6 44. Nxh4 Rd7 45. Nf3 Rd8 46. Ke2 Bc3 47. Rc1 Bb4 48. Rg1
Bxa5 49. h4 Re8+ 50. Kd1 Rd8+ 51. Ke2 Re8+ 52. Kd1 Bc7 53. h5 gxh5 54. Rg5 Ne7
55. Rxh5 Bxf4 56. Bd3 Rd8 57. Ke2 Kg6 58. Rh1 Nc6 59. Bb1 Kf6 60. Rh5 Ne7 61.
Bd3 Kg6 62. Rh1 Nc6 63. Bb1 Nd4+ 64. Nxd4 Rxd4 65. Rd1 Rb4 66. Rd5 Rxb3 67.
Bxf5+ Kf6 68. Rxc5 Bd6 69. Rd5 Rb2+ 70. Ke3 Bc7 71. Bd3 Ke6 72. Rh5 Bb6+ 73. Ke4
Rb4+ 74. Kf3 Bd4 75. Bf5+ Kd6 76. Rh6+ Ke5 77. Bd3 Ra4 78. Rh5+ Ke6 79. Bf5+ Ke7
80. Rh7+ Kd6 81. Bd3 Ra3 82. Ke4 Bxf2 83. Rh5 Kc6 84. Rh2 Bc5 85. Rh6+ Bd6 86.
Kd4 Ra4+ 87. Kc3 Kd5 88. Bh7 Ra3+ 89. Kb2 Rg3 90. Rg6 Re3 91. Rg5+ Be5+ 92. Kc2
Rf3 93. Bd3 Rf2+ 94. Kb3 Rb2+ 95. Ka3 Rd2 96. Bf1 Rf2 97. Bg2+ Kc4 98. Rg4+ Bd4 0-1

[Event "21st European Teams"]
[Site "Hersonissos GRE"]
[Date "2017.10.28"]
[Round "1.3"]
[Board "1"]
[White "Kryvoruchko, Yuriy"]
[Black "Ragger, Markus"]
[Result "1/2-1/2"]
[WhiteTitle "GM"]
[BlackTitle "GM"]
[WhiteElo "2692"]
[BlackElo "2659"]
[WhiteTeam "Ukraine"]
[BlackTeam "Austria"]
[WhiteFideId "14109182"]
[BlackFideId "1610856"]
[EventDate "2017.10.28"]

1. e4 e5 2. Nf3 Nc6 3. Bc4 Bc5 4. O-O Nf6 5. d3 O-O 6. a4 h6 7. c3 a5 8. d4 exd4
9. cxd4 Bb6 10. d5 Nb4 11. e5 Ne8 12. Nc3 d6 13. Bf4 dxe5 14. Nxe5 Nd6 15. Be2
Bf5 16. Nc4 Nxc4 17. Bxc4 Qf6 18. Qf3 Bd3 19. Bxd3 Nxd3 20. Qxd3 Qxf4 21. Rae1
Rae8 22. Re2 Rxe2 23. Qxe2 Bd4 24. g3 Qe5 25. Re1 Bxc3 26. Qxe5 Bxe5 27. Rxe5
Rd8 28. Re7 Rxd5 29. Rxc7 b5 30. axb5 Rxb5 31. Rc8+ 1/2-1/2

[Event "21st European Teams"]
[Site "Hersonissos GRE"]
[Date "2017.10.28"]
[Round "1.3"]
[Board "2"]
[White "Shengelia, David"]
[Black "Ponomariov, Ruslan"]
[Result "0-1"]
[WhiteTitle "GM"]
[BlackTitle "GM"]
[WhiteElo "2556"]
[BlackElo "2687"]
[WhiteTeam "Austria"]
[BlackTeam "Ukraine"]
[WhiteFideId "13601270"]
[BlackFideId "14103320"]
[EventDate "2017.10.28"]

1. d4 Nf6 2. c4 e6 3. Nc3 Bb4 4. e3 O-O 5. Nf3 c5 6. Bd3 d5 7. cxd5 exd5 8. dxc5
Nbd7 9. O-O Nxc5 10. Be2 Nce4 11. Nxe4 dxe4 12. Qxd8 Rxd8 13. Nd4 Bg4 14. Bxg4
Nxg4 15. a3 Bc5 16. Nb3 Bd6 17. h3 Nf6 18. Bd2 Be5 19. Bc3 Bxc3 20. bxc3 Rac8
21. Rfc1 Rd3 22. Nd4 Nd5 23. c4 Nc3 24. Rc2 Na4 25. Kh2 g6 26. g4 Kg7 27. Kg2
Kf6 28. Nb5 a6 29. Nd4 b6 30. Kf1 Rc3 31. Rxc3 Nxc3 32. Rc1 Na4 33. Rc2 Ke5 34.
Ke2 Rc7 35. f4+ exf3+ 36. Nxf3+ Kd6 37. Ng5 h6 38. Nf3 Ke7 39. Nd4 Nc5 40. Rb2
Nd7 41. Rb4 a5 42. Rb5 Rxc4 43. h4 Rc3 44. h5 Rxa3 45. g5 hxg5 46. hxg6 fxg6 47.
Rxg5 Kf6 48. Rd5 Ne5 49. Rd6+ Kf7 50. Rxb6 Rxe3+ 51. Kf2 Re4 52. Rb7+ Kf6 53.
Rb6+ Kg5 54. Rb5 Kg4 55. Ne2 Nd3+ 56. Kf1 a4 57. Ra5 Kf3 58. Ng1+ Ke3 59. Ne2
Re5 0-1

[Event "21st European Teams"]
[Site "Hersonissos GRE"]
[Date "2017.10.28"]
[Round "1.3"]
[Board "3"]
[White "Kuzubov, Yuriy"]
[Black "Schreiner, Peter"]
[Result "1-0"]
[WhiteTitle "GM"]
[BlackTitle "IM"]
[WhiteElo "2690"]
[BlackElo "2480"]
[WhiteTeam "Ukraine"]
[BlackTeam "Austria"]
[WhiteFideId "14112906"]
[BlackFideId "1621645"]
[EventDate "2017.10.28"]

1. c4 c5 2. Nf3 Nf6 3. Nc3 d5 4. cxd5 Nxd5 5. e3 e6 6. Nxd5 exd5 7. b4 cxb4 8.
Bb2 Nd7 9. Rc1 Nf6 10. Bb5+ Bd7 11. Bxf6 gxf6 12. Nd4 Rc8 13. Bxd7+ Qxd7 14.
Rxc8+ Qxc8 15. Qa4+ Kd8 16. O-O Qc5 17. Rb1 Bd6 18. Qd1 Bb8 19. g3 h5 20. Qf3
Ke8 21. Qxf6 Rg8 22. Nf5 Qf8 23. Qd4 Rg6 24. Qxd5 Rc6 25. Qe4+ 1-0

[Event "21st European Teams"]
[Site "Hersonissos GRE"]
[Date "2017.10.28"]
[Round "1.3"]
[Board "4"]
[White "Dragnev, Valentin"]
[Black "Kravtsiv, Martyn"]
[Result "0-1"]
[WhiteTitle "IM"]
[BlackTitle "GM"]
[WhiteElo "2466"]
[BlackElo "2677"]
[WhiteTeam "Austria"]
[BlackTeam "Ukraine"]
[WhiteFideId "1634852"]
[BlackFideId "14113147"]
[EventDate "2017.10.28"]

1. e4 e5 2. Nf3 Nc6 3. Bb5 a6 4. Ba4 Nf6 5. O-O Be7 6. Re1 b5 7. Bb3 O-O 8. a4
b4 9. d4 d6 10. dxe5 Nxe5 11. Nxe5 dxe5 12. Qe2 Bc5 13. Be3 Bd4 14. c3 bxc3 15.
bxc3 Bxe3 16. Qxe3 Qe7 17. Nd2 Rd8 18. Nf3 Rb8 19. Rab1 Rb6 20. Qg5 Re8 21. a5
Rb5 22. Ba4 h6 23. Qe3 Rxb1 24. Rxb1 Bd7 25. Bxd7 Qxd7 26. h3 Qa4 27. Qc5 Qc2
28. Re1 Nxe4 29. Qc6 Qxf2+ 30. Kh2 Nf6 31. Qxa6 e4 32. Qb5 c6 33. Qb6 c5 34. Qb5
exf3 35. Rxe8+ Kh7 36. Qd3+ g6 37. Qxf3 Qxf3 38. gxf3 Nxe8 0-1

[Event "21st European Teams"]
[Site "Hersonissos GRE"]
[Date "2017.10.28"]
[Round "1.4"]
[Board "1"]
[White "Bologan, Victor"]
[Black "Short, Nigel D"]
[Result "1-0"]
[WhiteTitle "GM"]
[BlackTitle "GM"]
[WhiteElo "2615"]
[BlackElo "2698"]
[WhiteTeam "Moldova"]
[BlackTeam "England"]
[WhiteFideId "13900048"]
[BlackFideId "400025"]
[EventDate "2017.10.28"]

1. e4 e5 2. Nf3 Nc6 3. Bc4 Bc5 4. O-O Nf6 5. d3 a6 6. c3 Ba7 7. a4 d6 8. Be3 O-O
9. Nbd2 Ne7 10. Bxa7 Rxa7 11. a5 Ng6 12. Re1 h6 13. d4 Re8 14. Qb3 Re7 15. dxe5
dxe5 16. Rad1 b5 17. Bf1 Be6 18. c4 c5 19. Qe3 Qxa5 20. cxb5 axb5 21. Qxc5 Rec7
22. Qxb5 Qxb5 23. Bxb5 Rab7 24. Bd3 Rxb2 25. Rc1 Rxc1 26. Rxc1 Nf4 27. Bf1 g5
28. g3 Nh3+ 29. Bxh3 Bxh3 30. Nc4 Ra2 31. Re1 Ng4 32. Nfd2 h5 33. f3 Nf6 34. Kf2
Be6 35. Re2 Nd7 36. Nd6 Nc5 37. N2c4 Ra6 38. Ke3 f6 39. Rb2 Ra4 40. Rb8+ Kh7 41.
Rb5 Nd7 42. Rb7 Kg6 43. h4 Nc5 44. Rb5 Bxc4 45. Rxc5 Ra3+ 46. Kf2 Ra2+ 47. Kg1
Be2 48. hxg5 Kxg5 49. Rc7 f5 50. exf5 Bxf3 51. Rg7+ Kf6 52. Rf7+ Kg5 53. Rg7+
Kf6 54. Rg6+ Ke7 55. Re6+ Kd7 56. Nc4 e4 57. Ne5+ Kd8 58. f6 Rg2+ 59. Kf1 e3 60.
Nf7+ Kc7 61. Re7+ Kb6 62. Rxe3 Bd5 63. Rd3 h4 64. Rxd5 Rxg3 65. Ne5 h3 66. Rd2
Rg5 67. f7 Rf5+ 68. Kg1 Kc7 69. Rd7+ Kc8 70. Re7 1-0

[Event "21st European Teams"]
[Site "Hersonissos GRE"]
[Date "2017.10.28"]
[Round "1.4"]
[Board "2"]
[White "Howell, David W L"]
[Black "Svetushkin, Dmitry"]
[Result "1/2-1/2"]
[WhiteTitle "GM"]
[BlackTitle "GM"]
[WhiteElo "2698"]
[BlackElo "2556"]
[WhiteTeam "England"]
[BlackTeam "Moldova"]
[WhiteFideId "410608"]
[BlackFideId "13900463"]
[EventDate "2017.10.28"]

1. c4 e6 2. Nc3 Bb4 3. d4 Nf6 4. Qc2 O-O 5. a3 Bxc3+ 6. Qxc3 b6 7. Bg5 Bb7 8. f3
d6 9. e4 c5 10. dxc5 bxc5 11. Rd1 Nc6 12. Bxf6 gxf6 13. Ne2 e5 14. Ng3 Nd4 15.
Bd3 Kh8 16. O-O Rg8 17. Qd2 Rg6 18. Rf2 Qd7 19. f4 Qg4 20. f5 Rg5 21. Re1 Rag8
22. Re3 Qh4 23. Be2 Qh6 24. Bd1 Bc6 25. b3 Ra8 26. Qc3 a5 27. a4 Kg7 28. Nf1 Kf8
29. Rh3 Qg7 30. Ng3 Ke7 31. Qe3 Kd7 32. Nh5 Qh8 33. g4 Ke7 34. Rg3 h6 35. Rf1
Rb8 36. Re1 Rb4 37. Qd2 Qa8 38. Qe3 Qh8 39. Qd2 Qa8 40. Qd3 Rb8 41. h4 Rgg8 42.
Qe3 Rh8 43. Kf2 1/2-1/2

[Event "21st European Teams"]
[Site "Hersonissos GRE"]
[Date "2017.10.28"]
[Round "1.4"]
[Board "3"]
[White "Hamitevici, Vladimir"]
[Black "Jones, Gawain C B"]
[Result "1/2-1/2"]
[WhiteTitle "IM"]
[BlackTitle "GM"]
[WhiteElo "2519"]
[BlackElo "2662"]
[WhiteTeam "Moldova"]
[BlackTeam "England"]
[WhiteFideId "13902393"]
[BlackFideId "409561"]
[EventDate "2017.10.28"]

1. d4 Nf6 2. Nf3 g6 3. c4 Bg7 4. g3 c5 5. Nc3 cxd4 6. Nxd4 O-O 7. Bg2 Qc7 8. Nd5
Nxd5 9. cxd5 Qb6 10. Nb3 d6 11. O-O Qa6 12. Nd4 Qb6 13. Nb3 Qa6 14. Nd4 Qb6 15.
Nb3 1/2-1/2

[Event "21st European Teams"]
[Site "Hersonissos GRE"]
[Date "2017.10.28"]
[Round "1.4"]
[Board "4"]
[White "McShane, Luke J"]
[Black "Morozov, Nichita"]
[Result "1-0"]
[WhiteTitle "GM"]
[BlackTitle "IM"]
[WhiteElo "2647"]
[BlackElo "2467"]
[WhiteTeam "England"]
[BlackTeam "Moldova"]
[WhiteFideId "404853"]
[BlackFideId "13900897"]
[EventDate "2017.10.28"]

1. e4 e5 2. Nf3 Nc6 3. Bb5 a6 4. Bxc6 dxc6 5. O-O Qe7 6. d4 exd4 7. Qxd4 Bg4 8.
Ne5 Rd8 9. Qc3 Bc8 10. Nd3 Qf6 11. Qe1 Ne7 12. Nc3 Ng6 13. f4 Be7 14. Kh1 O-O
15. f5 Ne5 16. Nxe5 Qxe5 17. Bf4 Qd4 18. Bxc7 Rd7 19. Bf4 Re8 20. Qg3 Bf6 21.
Rad1 Qc4 22. e5 Rxd1 23. Rxd1 Be7 24. b3 Qb4 25. f6 Bf8 26. a3 Qc5 27. fxg7 Be7
28. h3 Bf5 29. b4 Qc4 30. Rd2 a5 31. bxa5 Bxa3 32. Nd1 Bc5 33. Kh2 Bxc2 34. Ne3
Bxe3 35. Qxe3 Bf5 36. Rb2 Bc8 37. Bg3 Rd8 38. Rf2 Qb4 39. Qg5 Re8 40. Qh5 Be6
41. Rf4 Qc3 42. Rh4 Qc2 43. Qf3 Bd5 44. Qf1 Qd2 45. Bf4 Qb2 46. Rg4 Qc2 47. Rg3
Re6 48. a6 bxa6 49. Qxa6 Re8 50. Qa3 Qc4 51. Be3 Be4 52. Bg5 Qd5 53. Bf6 c5 54.
Rg4 Rc8 55. Qe3 Bg6 56. Rf4 Ra8 57. Rf2 c4 58. Qc3 Qd3 59. Qb4 Qd4 60. Rf3 Qe4
61. Qc5 Bf5 62. Qd6 Be6 63. Bd8 Kxg7 64. Rg3+ 1-0

[Event "21st European Teams"]
[Site "Hersonissos GRE"]
[Date "2017.10.28"]
[Round "1.5"]
[Board "1"]
[White "Gelfand, Boris"]
[Black "Hammer, Jon Ludvig"]
[Result "1/2-1/2"]
[WhiteTitle "GM"]
[BlackTitle "GM"]
[WhiteElo "2737"]
[BlackElo "2632"]
[WhiteTeam "Israel"]
[BlackTeam "Norway"]
[WhiteFideId "2805677"]
[BlackFideId "1503707"]
[EventDate "2017.10.28"]

1. d4 d5 2. Nf3 Nf6 3. c4 e6 4. g3 Be7 5. Bg2 O-O 6. O-O dxc4 7. Qc2 b6 8. Bg5
Nd5 9. Bxe7 Qxe7 10. e4 Nb4 11. Qc3 c5 12. a3 N4c6 13. d5 Na5 14. Nbd2 Ba6 15.
Ne5 Nd7 16. Nexc4 exd5 17. exd5 Qf6 18. Rfc1 Nxc4 19. Nxc4 Qxc3 20. Rxc3 Bxc4
21. Rxc4 Rfe8 22. Rc2 Rad8 23. b4 g6 24. Rd1 Kf8 25. Bh3 Re5 26. Bxd7 Rxd7 27.
bxc5 Rdxd5 28. Rxd5 Rxd5 29. cxb6 axb6 30. Rb2 Rd3 31. Rxb6 Rxa3 1/2-1/2

[Event "21st European Teams"]
[Site "Hersonissos GRE"]
[Date "2017.10.28"]
[Round "1.5"]
[Board "2"]
[White "Salomon, Johan"]
[Black "Rodshtein, Maxim"]
[Result "0-1"]
[WhiteTitle "GM"]
[BlackTitle "GM"]
[WhiteElo "2477"]
[BlackElo "2699"]
[WhiteTeam "Norway"]
[BlackTeam "Israel"]
[WhiteFideId "1509500"]
[BlackFideId "2806851"]
[EventDate "2017.10.28"]

1. d4 d5 2. c4 c6 3. Nc3 Nf6 4. e3 e6 5. Nf3 Nbd7 6. Be2 b6 7. O-O Bb7 8. Qc2
Bd6 9. Rd1 Qe7 10. e4 dxe4 11. Nxe4 Nxe4 12. Qxe4 Nf6 13. Qh4 h6 14. Bf4 c5 15.
Bxd6 Qxd6 16. dxc5 Qxc5 17. Qf4 O-O 18. Ne5 Rad8 19. h4 Qb4 20. Nd3 Qa4 21. b3
Qa3 22. Qc1 Qe7 23. Qf4 Ne4 24. Bf1 f6 25. Qe3 e5 26. Re1 f5 27. Qh3 f4 28. Rad1
Rd4 29. Nb2 Nxf2 30. Kxf2 Qc5 31. Ke2 f3+ 32. gxf3 Bxf3+ 33. Qxf3 Rxf3 34. Rxd4
Rf8 35. Rd2 Qg1 36. Nd3 Qg4+ 0-1

[Event "21st European Teams"]
[Site "Hersonissos GRE"]
[Date "2017.10.28"]
[Round "1.5"]
[Board "3"]
[White "Sutovsky, Emil"]
[Black "Christiansen, Johan-Sebastian"]
[Result "0-1"]
[WhiteTitle "GM"]
[BlackTitle "IM"]
[WhiteElo "2683"]
[BlackElo "2462"]
[WhiteTeam "Israel"]
[BlackTeam "Norway"]
[WhiteFideId "2802007"]
[BlackFideId "1512668"]
[EventDate "2017.10.28"]

1. e4 e5 2. Nf3 Nc6 3. Bb5 a6 4. Ba4 d6 5. Bxc6+ bxc6 6. d4 exd4 7. Qxd4 Nf6 8.
e5 c5 9. Qd3 dxe5 10. Qxd8+ Kxd8 11. Nxe5 Be6 12. Na3 Bd6 13. Nac4 Nd7 14. Nc6+
Kc8 15. N6a5 Ne5 16. Nxd6+ cxd6 17. Bf4 Kc7 18. O-O-O f6 19. Rd2 Rad8 20. Rhd1
h5 21. h4 Rd7 22. c3 Rb8 23. a4 c4 24. Rd4 Nd3+ 25. R1xd3 cxd3 26. c4 g5 27.
hxg5 fxg5 28. Bxg5 Rg8 29. f4 Bf5 30. Rd5 Be4 31. Rd4 Bf5 32. Rd5 Be4 33. Rd4
Re8 34. Nb3 Bh7 35. Rd5 Re1+ 36. Kd2 Re2+ 37. Kc3 Be4 38. Rd4 Rc2+ 39. Kb4 Bf5
40. g3 Rxb2 41. Rd5 Rf7 42. Ka3 Rc2 43. Kb4 Kb8 44. Na5 d2 45. Kb3 Kc7 46. c5
Rxc5 47. Rxd2 Rxa5 48. Kb4 Rc5 0-1

[Event "21st European Teams"]
[Site "Hersonissos GRE"]
[Date "2017.10.28"]
[Round "1.5"]
[Board "4"]
[White "Notkevich, Benjamin Arvola"]
[Black "Smirin, Ilia"]
[Result "1/2-1/2"]
[WhiteTitle "IM"]
[BlackTitle "GM"]
[WhiteElo "2458"]
[BlackElo "2635"]
[WhiteTeam "Norway"]
[BlackTeam "Israel"]
[WhiteFideId "1506536"]
[BlackFideId "2801990"]
[EventDate "2017.10.28"]

1. d4 Nf6 2. c4 g6 3. Nc3 Bg7 4. e4 d6 5. Nf3 O-O 6. Be2 e5 7. O-O c6 8. Re1 Na6
9. Bf1 Bg4 10. d5 Nb4 11. Be2 a5 12. Bg5 Na6 13. h3 Bd7 14. a3 Nc5 15. b4 axb4
16. axb4 Rxa1 17. Qxa1 Nb3 18. Qd1 Nd4 19. dxc6 bxc6 20. Nxd4 exd4 21. Qxd4 Nxe4
22. Nxe4 Bxd4 23. Bxd8 Rxd8 24. Nxd6 Bc3 25. Rb1 Be6 26. Ne4 Be5 27. Nc5 Bf5 28.
Rd1 Rxd1+ 29. Bxd1 Bc3 30. b5 cxb5 31. cxb5 Bd4 32. Nb3 Bb6 33. Be2 Kf8 34. Nd2
Be6 35. Bc4 Ba5 36. Bxe6 Bxd2 37. Bc4 Ba5 38. f3 h5 39. Kf2 Bb6+ 40. Ke2 h4 41.
Kd3 f5 42. Bd5 Ke7 43. Bg8 g5 44. Bh7 Kf6 45. Kc4 Ke5 46. Bg6 Ba7 47. Be8 Bb6
48. Bd7 Ba7 49. Bc8 Bb6 50. Bd7 Ba7 51. Bc8 Bb6 52. Bd7 1/2-1/2

[Event "21st European Teams"]
[Site "Hersonissos GRE"]
[Date "2017.10.28"]
[Round "1.6"]
[Board "1"]
[White "Pelletier, Yannick"]
[Black "Movsesian, Sergei"]
[Result "1/2-1/2"]
[WhiteTitle "GM"]
[BlackTitle "GM"]
[WhiteElo "2540"]
[BlackElo "2671"]
[WhiteTeam "Switzerland"]
[BlackTeam "Armenia"]
[WhiteFideId "1301837"]
[BlackFideId "310204"]
[EventDate "2017.10.28"]

1. d4 Nf6 2. c4 e6 3. Nf3 d5 4. Nc3 Bb4 5. Bg5 h6 6. Bxf6 Qxf6 7. Qa4+ Nc6 8. e3
O-O 9. Be2 dxc4 10. Bxc4 Bd7 11. O-O Bxc3 12. bxc3 Rfd8 13. Be2 Be8 14. Qa3 Qe7
15. Qb2 b6 16. Nd2 Na5 17. Nb3 Nxb3 18. axb3 a5 19. Bf3 Rab8 20. b4 c5 21. bxc5
bxc5 22. Qa3 a4 23. Qxc5 Qxc5 24. dxc5 Rdc8 25. c6 Ra8 26. Rfb1 Bxc6 27. Rb4
Bxf3 28. gxf3 Rxc3 29. Rbxa4 Rxa4 30. Rxa4 Rc1+ 31. Kg2 1/2-1/2

[Event "21st European Teams"]
[Site "Hersonissos GRE"]
[Date "2017.10.28"]
[Round "1.6"]
[Board "2"]
[White "Sargissian, Gabriel"]
[Black "Bogner, Sebastian"]
[Result "1-0"]
[WhiteTitle "GM"]
[BlackTitle "GM"]
[WhiteElo "2657"]
[BlackElo "2599"]
[WhiteTeam "Armenia"]
[BlackTeam "Switzerland"]
[WhiteFideId "13300881"]
[BlackFideId "4692055"]
[EventDate "2017.10.28"]

1. d4 Nf6 2. Nf3 e6 3. c4 d5 4. e3 a6 5. b3 b6 6. Bb2 Bb7 7. Bd3 Bd6 8. Nc3 Nbd7
9. O-O O-O 10. Qe2 Ne4 11. a4 c5 12. a5 bxa5 13. Rfd1 Qc7 14. cxd5 exd5 15. Na4
Bc6 16. dxc5 Bxc5 17. Rac1 Bxa4 18. bxa4 Nb6 19. Nd4 Nxa4 20. Ba1 Qd7 21. Bxe4
dxe4 22. Nb3 Qe7 23. Qg4 f5 24. Qe2 Kh8 25. Qc4 Bb4 26. Qc6 Nc5 27. Nxc5 Rac8
28. Rd7 Rxc6 29. Rxe7 Rg8 30. Bd4 1-0